000 00514nam a2200181 i 4500
001 92832
003 ES-MaACL
007 t|
008 050328s1974 sp ||||1| spa d
100 1 _aLisón Tolosana, Carmelo.
_972541
245 1 0 _aPerfiles simbólico-morales de la cultura gallega /
_cCarmelo Lisón Tolosana.
260 _aMadrid :
_bAkal,
_c1974.
300 _a205 p. ;
_c18 cm.
490 1 _aAkal ;
_v74
830 0 _aAkal ;
_v74
_9180805
852 _aES-MaACL
_jE-7150
_bR.91284
999 _c92832
_d92832